000 00512nam a2200217Ia 4500
005 20250425162208.0
008 250425s9999 xx 000 0 und d
020 _a8448132084
041 _aspa
082 _a657.48
100 _aPEREZ RAMIREZ, JORGE
245 0 _aCONTABILIDAD BANCARIA
250 _a1A ED.
260 _aEspaƱa
_bMCGRAW-HILL
_c2002
260 _aMADRID
300 _a445
650 _aCONTABILIDAD BANCARIA
650 _aCONTABILIDAD FINANCIERA
942 _c01
010 _a55419
999 _c224285
_d224285